Normal view
MARC view
- Supervisor: Dr. Zafar Mahmood
Entry Personal Name
001 - CONTROL NUMBER
- control field: 123161
003 - CONTROL NUMBER IDENTIFIER
- control field: NUST
005 - DATE AND TIME OF LATEST TRANSACTION
- control field: 20240603133221.0
008 - FIXED-LENGTH DATA ELEMENTS
- fixed length control field: 240603|| aca||aabn | a|a d
040 ## - CATALOGING SOURCE
- Original cataloging agency: NUST
- Transcribing agency: NUST
100 ## - HEADING--PERSONAL NAME
- Personal name: Supervisor: Dr. Zafar Mahmood
670 ## - SOURCE DATA FOUND
- Source citation: Work cat.: (NUST): Noureen, Shabana 5156, Essays on Exploring Trade Costs, Facilitation and Export Potential in Pakistan /
